Answers that are Super - Statistics

General Stats
  • This quiz has been taken 29 times
  • The average score is 13 of 20
Answer Stats
Hint Answer % Correct
3) Aka Clark Kent Superman
100%
4) NFL championship game Super Bowl
96%
1) Massive star explosion Supernova
96%
10) The largest Great Lake Superior
93%
6) Large grocery store Supermarket
93%
2) The protagonist in comic books that saves the day Superhero
86%
12) A fashion model of the highest rating Supermodel
86%
11) Magical abilities that heroes often have Superpowers
82%
8) A boss or leader of a work group Supervisor
79%
15) Moving faster than the speed of sound Supersonic
71%
13) Aka: Paranormal Supernatural
64%
7) The head of school administratorsfor a district Superintendent
57%
14) To place on top of something to make one thing Superimpose
50%
19) Finding a four leaf clover for good luck is an example of this Superstition
50%
9) Documentary about a man who atenothing but McDonalds to prove a point about nutrition Super Size Me
46%
16) Can conduct electricity with zero resistance belowa specific temperature Superconductor
43%
20) Something that is close to the surface, lacking depth Superficial
43%
17) The part of the mind that acts as the moral conscience Superego
36%
18) Type of large storm that produces severe weatherand sometimes tornadoes Supercell
25%
5) Talladega Raceway is one of them Superspeedway
18%
No matching quizzes found
Score Distribution
Percent of People with Each Score
Percentile by Number Answered
Your Score History
You have not taken this quiz